000 00488nam a2200181Ia 4500
008 090124s9999 xx 000 0 und d
082 _b31036
_a2024
100 _aदवणे प्रवीण
245 _a रुप - अरुप
250 _a1
260 _c2001
300 _a183
600 _aदवणे प्रवीण
630 _a रुप - अरुप
700 _aदवणे प्रवीण
730 _a रुप - अरुप
942 _cBOOK
999 _c144516
_d144516